[Event "Quebec op"]
[Site "Montreal CAN"]
[Date "1998.07.26"]
[Round "2"]
[White "Michaud, Gerald"]
[Black "Gagnon, Michel"]
[Result "1-0"]
[WhiteElo "1861"]
[BlackElo "2129"]
[PlyCount "123"]
[GameId "2160767911872463"]
[EventDate "1998.07.25"]
[EventType "swiss"]
[EventRounds "9"]
[EventCountry "CAN"]
[SourceTitle "EXT 2022"]
[Source "ChessBase"]
[SourceDate "2021.10.06"]
[SourceVersion "1"]
[SourceVersionDate "2021.10.06"]
[SourceQuality "1"]

1. d4 d5 2. c4 e6 3. Nc3 Nf6 4. Bg5 Be7 5. Nf3 O-O 6. e3 h6 7. Bh4 Ne4 8. Bxe7 Qxe7 9. Bd3 Nxc3 10. bxc3 Nd7 11. Qc2 b6 12. cxd5 exd5 13. O-O Bb7 14. Rab1 c5 15. Rfe1 Rfc8 16. a4 Rc7 17. a5 Bc6 18. axb6 Nxb6 19. Ne5 Be8 20. Qa2 Rd8 21. Bb5 Bxb5 22. Rxb5 cxd4 23. cxd4 Rdc8 24. Nd3 Rc2 25. Qb1 Qa3 26. Rb3 Qa2 27. Qxa2 Rxa2 28. Nc5 Rc6 29. Rc1 Nd7 30. g3 Nf6 31. Rbc3 g6 32. R3c2 Rxc2 33. Rxc2 g5 34. Ra2 Rc7 35. h3 Kg7 36. Kf1 Ne4 37. Nxe4 dxe4 38. Ke2 f6 39. g4 Kg6 40. f3 exf3+ 41. Kxf3 Re7 42. Ra6 Kf7 43. Ke2 Rb7 44. Kd3 Re7 45. d5 Rb7 46. Kc4 Ke7 47. e4 Rc7+ 48. Kb5 Kf7 49. Rc6 Re7 50. Rc4 Rd7 51. Kc6 Ke7 52. Ra4 Rd6+ 53. Kc7 Rd7+ 54. Kb8 Kd6 55. Rxa7 Rd8+ 56. Kb7 Re8 57. Ra6+ Ke5 58. Kc7 Re7+ 59. Kd8 Rf7 60. Re6+ Kd4 61. Ke8 Ra7 62. d6 1-0

[Event "Quebec op"]
[Site "Montreal CAN"]
[Date "1998.07.26"]
[Round "2"]
[White "Oratovsky, Michael"]
[Black "Sarwer, Jeff"]
[Result "0-1"]
[WhiteElo "2465"]
[BlackElo "2264"]
[PlyCount "67"]
[GameId "2160767911872465"]
[EventDate "1998.07.25"]
[EventType "swiss"]
[EventRounds "9"]
[EventCountry "CAN"]

1. e4 e5 2. Nf3 Nc6 3. Bc4 Nf6 4. d3 Be7 5. O-O d6 6. a3 Bg4 7. h3 Bh5 8. c3 O-O 9. Nbd2 h6 10. g4 Bg6 11. Nh4 Kh7 12. Ba2 Qd7 13. Nf5 Bxf5 14. exf5 d5 15. Qf3 Rad8 16. Qg2 g6 17. fxg6+ fxg6 18. Nf3 e4 19. Ne1 Bd6 20. Be3 Rde8 21. Rd1 Ne5 22. Bd4 Qa4 23. Rd2 Qc6 24. f4 Ned7 25. Re2 Nc5 26. dxe4 Nfxe4 27. Be3 Qa6 28. Bc1 Rd8 29. Qf3 Ng3 30. Qxg3 Qxe2 31. Bxd5 Bxf4 32. Rxf4 Rxf4 33. Qxf4 Qxe1+ 34. Kh2 0-1

[Event "Quebec op"]
[Site "Montreal CAN"]
[Date "1998.07.26"]
[Round "2"]
[White "Pnevmonidis, Pantelis"]
[Black "Tyomkin, Dimitri"]
[Result "0-1"]
[WhiteElo "2067"]
[BlackElo "2465"]
[PlyCount "66"]
[GameId "2160767911872466"]
[EventDate "1998.07.25"]
[EventType "swiss"]
[EventRounds "9"]
[EventCountry "CAN"]

1. c4 e6 2. Nc3 d5 3. d4 c6 4. Nf3 dxc4 5. a4 Bb4 6. e4 b5 7. e5 Ne7 8. Bd2 Bxc3 9. bxc3 h6 10. Be2 Nd7 11. Qb1 a6 12. O-O Nb6 13. a5 Nbd5 14. Qe4 Bb7 15. Qg4 Nf5 16. h4 h5 17. Qh3 Qc7 18. Ng5 c5 19. dxc5 Qxc5 20. Rfe1 Qc7 21. Bc1 O-O-O 22. Bf3 Rd7 23. Ba3 Nf4 24. Bxb7+ Qxb7 25. Qh2 Nd3 26. Re2 Qc7 27. Bd6 Nxd6 28. exd6 Qc6 29. Qg3 e5 30. Rxe5 Nxe5 31. Qxe5 f6 32. Qe4 Qxe4 33. Nxe4 Re8 0-1

[Event "Quebec op"]
[Site "Montreal CAN"]
[Date "1998.07.26"]
[Round "2"]
[White "Reeve, Jeff"]
[Black "Gravel, Simon jr"]
[Result "1-0"]
[WhiteElo "2189"]
[BlackElo "1949"]
[PlyCount "89"]
[GameId "2160767911872467"]
[EventDate "1998.07.25"]
[EventType "swiss"]
[EventRounds "9"]
[EventCountry "CAN"]
[SourceTitle "EXT 2022"]
[Source "ChessBase"]
[SourceDate "2021.10.06"]
[SourceVersion "1"]
[SourceVersionDate "2021.10.06"]
[SourceQuality "1"]

1. e4 e6 2. d4 d5 3. Nc3 Bb4 4. e5 c5 5. a3 Bxc3+ 6. bxc3 Ne7 7. Nf3 Bd7 8. a4 Qa5 9. Bd2 Nbc6 10. Bb5 O-O 11. O-O f5 12. exf6 Rxf6 13. Ne5 Be8 14. Ng4 Rf8 15. dxc5 a6 16. c4 Qc7 17. cxd5 Nxd5 18. Bd3 Ncb4 19. Bxh7+ Kxh7 20. c4 Qxc5 21. cxd5 Nxd5 22. Qe2 Qd4 23. Ra3 Nf4 24. Bxf4 Rxf4 25. Rh3+ Kg8 26. Rg3 Kf8 27. Re1 Bh5 28. h3 Re8 29. a5 Bxg4 30. Rxg4 Rxg4 31. hxg4 Re7 32. Rd1 Qc3 33. g5 Qxa5 34. Qh5 Qb5 35. Qh8+ Kf7 36. Qh5+ Kf8 37. Qh4 Qf5 38. Rd8+ Kf7 39. Qh5+ Qg6 40. Rf8+ Kxf8 41. Qxg6 a5 42. Qe4 b6 43. g6 Re8 44. Qf4+ Ke7 45. Qc7+ 1-0

[Event "Quebec op"]
[Site "Montreal CAN"]
[Date "1998.07.26"]
[Round "3"]
[White "Acosta, Mariano"]
[Black "Abreu Cordero, Jose"]
[Result "0-1"]
[WhiteElo "2249"]
[BlackElo "1985"]
[PlyCount "106"]
[GameId "2160767911872470"]
[EventDate "1998.07.25"]
[EventType "swiss"]
[EventRounds "9"]
[EventCountry "CAN"]
[SourceTitle "EXT 2022"]
[Source "ChessBase"]
[SourceDate "2021.10.06"]
[SourceVersion "1"]
[SourceVersionDate "2021.10.06"]
[SourceQuality "1"]

1. e4 e5 2. Bc4 Nc6 3. c3 Bc5 4. b4 Bb6 5. a4 a6 6. Nf3 d6 7. O-O Nf6 8. d3 h6 9. Nbd2 O-O 10. Ba2 Be6 11. Nc4 Ba7 12. Ne3 Ne7 13. Nh4 d5 14. Qf3 c6 15. Nef5 Bxf5 16. Nxf5 Nxf5 17. Qxf5 Re8 18. exd5 Nxd5 19. Bd2 Qf6 20. Qe4 Rad8 21. Rae1 Qd6 22. Bb1 Bb8 23. g3 Nf6 24. Qh4 Re6 25. Be3 Nd5 26. Bc5 Qc7 27. a5 Rde8 28. Ba2 Qd7 29. Qe4 Rg6 30. Kh1 Kh8 31. Rc1 Rd8 32. d4 f5 33. Qh4 Rg4 34. Qh3 e4 35. c4 Nf6 36. b5 axb5 37. cxb5 cxb5 38. f3 exf3 39. Rxf3 Ne4 40. Bb6 Rc8 41. Rcf1 Ng5 42. Qg2 Nxf3 43. Qxf3 f4 44. Bb1 Re8 45. d5 Rg5 46. gxf4 Rxd5 47. Be4 Rd2 48. Bxb7 Ree2 49. Bg1 Bxf4 50. Rc1 Rxh2+ 51. Bxh2 Rxh2+ 52. Kg1 Qd4+ 53. Kf1 Bxc1 0-1

[Event "Quebec op"]
[Site "Montreal CAN"]
[Date "1998.07.26"]
[Round "3"]
[White "Archangelsky, Mikhail"]
[Black "Clement, Michel"]
[Result "1-0"]
[WhiteElo "2360"]
[BlackElo "2075"]
[PlyCount "61"]
[GameId "2160767911872471"]
[EventDate "1998.07.25"]
[EventType "swiss"]
[EventRounds "9"]
[EventCountry "CAN"]
[SourceTitle "EXT 2022"]
[Source "ChessBase"]
[SourceDate "2021.10.06"]
[SourceVersion "1"]
[SourceVersionDate "2021.10.06"]
[SourceQuality "1"]

1. d4 f5 2. g3 Nf6 3. Bg2 e6 4. c4 Bb4+ 5. Bd2 Bxd2+ 6. Qxd2 d6 7. Nf3 O-O 8. Nc3 Qe7 9. O-O Nc6 10. Rae1 e5 11. e4 fxe4 12. Nxe4 Nxe4 13. Rxe4 Bf5 14. Re3 Qf6 15. dxe5 dxe5 16. Qd5+ Kh8 17. Nxe5 Rad8 18. Qc5 Nxe5 19. Qxe5 Qxe5 20. Rxe5 Rd2 21. Rfe1 h6 22. Rxf5 Rxf5 23. Re8+ Kh7 24. Be4 g6 25. Re7+ Kg8 26. Bxf5 gxf5 27. b4 Rxa2 28. Rxc7 b6 29. b5 h5 30. Kg2 a5 31. c5 1-0

[Event "Quebec op"]
[Site "Montreal CAN"]
[Date "1998.07.26"]
[Round "3"]
[White "Constantineau, Yvan"]
[Black "Cote, Jacques"]
[Result "1-0"]
[WhiteElo "2165"]
[BlackElo "1969"]
[PlyCount "67"]
[GameId "2160767911872472"]
[EventDate "1998.07.25"]
[EventType "swiss"]
[EventRounds "9"]
[EventCountry "CAN"]
[SourceTitle "EXT 2022"]
[Source "ChessBase"]
[SourceDate "2021.10.06"]
[SourceVersion "1"]
[SourceVersionDate "2021.10.06"]
[SourceQuality "1"]

1. d4 f5 2. e4 fxe4 3. Nc3 Nf6 4. Bg5 g6 5. f3 d5 6. fxe4 dxe4 7. Bc4 Bf5 8. Nge2 Bg7 9. O-O c6 10. Rxf5 gxf5 11. Nf4 Ng4 12. Ne6 Bxd4+ 13. Qxd4 Qxd4+ 14. Nxd4 h6 15. Bh4 Ne3 16. Be6 Rf8 17. Re1 c5 18. Ndb5 Nxc2 19. Rd1 Nd4 20. Nc7+ Kd8 21. Nxa8 Nd7 22. Bd5 Ne5 23. Bxb7 Rg8 24. Bf2 Nd3 25. Bxd4 cxd4 26. Nxe4 fxe4 27. Bxe4 Nxb2 28. Rxd4+ Kc8 29. Rd2 Na4 30. Rc2+ Kd8 31. Rc4 Nb6 32. Nxb6 axb6 33. Rc6 Kd7 34. Rxh6 1-0

[Event "Quebec op"]
[Site "Montreal CAN"]
[Date "1998.07.26"]
[Round "3"]
[White "Drozdov, Igor"]
[Black "Mahabir, Hugh"]
[Result "1-0"]
[WhiteElo "2445"]
[BlackElo "2022"]
[PlyCount "79"]
[GameId "2160767911872473"]
[EventDate "1998.07.25"]
[EventType "swiss"]
[EventRounds "9"]
[EventCountry "CAN"]

1. e4 d5 2. exd5 Nf6 3. Nf3 Qxd5 4. Nc3 Qa5 5. d4 Bg4 6. h3 Bh5 7. g4 Bg6 8. Ne5 c6 9. h4 Be4 10. Rh3 Nbd7 11. Bd2 Qc7 12. g5 Nxe5 13. dxe5 Bf5 14. exf6 Bxh3 15. fxg7 Bxg7 16. Bxh3 h6 17. Qf3 hxg5 18. hxg5 Qe5+ 19. Kf1 Rd8 20. Be3 Qa5 21. g6 fxg6 22. Be6 Rf8 23. Qe4 Rf6 24. Re1 Rd6 25. Bb3 Bf8 26. Kg2 Qf5 27. Qxf5 gxf5 28. Bxa7 Rg6+ 29. Kf3 Rg4 30. Bb8 Rh6 31. Be6 Rh3+ 32. Bg3 Rg5 33. Na4 Bh6 34. Nb6 Rhh5 35. Nc4 Bg7 36. c3 Bf6 37. Nb6 f4 38. Bxf4 Rb5 39. Nc4 Rh3+ 40. Bxh3 1-0

[Event "Quebec op"]
[Site "Montreal CAN"]
[Date "1998.07.26"]
[Round "3"]
[White "Gagnon, Michel"]
[Black "Andersen, Bradley"]
[Result "1-0"]
[WhiteElo "2129"]
[BlackElo "1543"]
[PlyCount "85"]
[GameId "2160767911872474"]
[EventDate "1998.07.25"]
[EventType "swiss"]
[EventRounds "9"]
[EventCountry "CAN"]
[SourceTitle "EXT 2022"]
[Source "ChessBase"]
[SourceDate "2021.10.06"]
[SourceVersion "1"]
[SourceVersionDate "2021.10.06"]
[SourceQuality "1"]

1. d4 f5 2. Nf3 Nf6 3. c4 e6 4. a3 c6 5. Nc3 Be7 6. g3 d5 7. Bg2 O-O 8. O-O Nbd7 9. Qb3 Qb6 10. Qa2 Ng4 11. h3 Nh6 12. Rb1 Nf6 13. Be3 Ne4 14. cxd5 exd5 15. Ne5 Nf7 16. Nd3 Bg5 17. f4 Bf6 18. Nxe4 fxe4 19. Ne5 Kh8 20. b4 Nd6 21. Kh2 Nb5 22. Qb2 a5 23. a4 Nd6 24. Qc3 Nc4 25. Bg1 axb4 26. Qxb4 Qxb4 27. Rxb4 b6 28. Nxc4 dxc4 29. Rxc4 Ba6 30. Rxc6 Bxe2 31. Ra1 Bb5 32. Rxb6 Bxa4 33. Bxe4 Bc6 34. Rxa8 Bxa8 35. d5 Re8 36. Bf3 Rd8 37. Rb5 Kg8 38. Bf2 Kf7 39. g4 Be7 40. g5 Rc8 41. Kg3 Kg6 42. h4 Kf5 43. Bg4+ 1-0

[Event "Quebec op"]
[Site "Montreal CAN"]
[Date "1998.07.26"]
[Round "3"]
[White "Gaspariants, Garry"]
[Black "Frappier, Clement"]
[Result "1-0"]
[WhiteElo "2230"]
[BlackElo "1867"]
[PlyCount "75"]
[GameId "2160767911872475"]
[EventDate "1998.07.25"]
[EventType "swiss"]
[EventRounds "9"]
[EventCountry "CAN"]
[SourceTitle "EXT 2022"]
[Source "ChessBase"]
[SourceDate "2021.10.06"]
[SourceVersion "1"]
[SourceVersionDate "2021.10.06"]
[SourceQuality "1"]

1. d4 d5 2. c4 c6 3. e3 Nf6 4. Nf3 e6 5. Nbd2 Ne4 6. Bd3 f5 7. Ne5 Qf6 8. O-O Bd6 9. f4 O-O 10. Nxe4 fxe4 11. Be2 c5 12. b3 cxd4 13. exd4 Nc6 14. Be3 Bxe5 15. fxe5 Qe7 16. Rxf8+ Qxf8 17. c5 Bd7 18. Qd2 Ne7 19. Rf1 Qe8 20. Bf4 Nf5 21. g4 Ne7 22. h4 Ng6 23. h5 Nf8 24. h6 gxh6 25. Bxh6 Ng6 26. Qg5 Qd8 27. Rf6 Qe8 28. Qe3 a6 29. Qf2 Bb5 30. Bd1 Rd8 31. g5 Qe7 32. Bg4 Bd7 33. Qg3 Rc8 34. Qh3 Nxe5 35. dxe5 Qxc5+ 36. Kg2 Qc2+ 37. Rf2 Qc6 38. Qh5 1-0

[Event "Quebec op"]
[Site "Montreal CAN"]
[Date "1998.07.26"]
[Round "3"]
[White "Gilbert, Erick"]
[Black "Matteau, Pierre"]
[Result "1/2-1/2"]
[WhiteElo "1843"]
[BlackElo "1913"]
[PlyCount "143"]
[GameId "2160767911872476"]
[EventDate "1998.07.25"]
[EventType "swiss"]
[EventRounds "9"]
[EventCountry "CAN"]
[SourceTitle "EXT 2022"]
[Source "ChessBase"]
[SourceDate "2021.10.06"]
[SourceVersion "1"]
[SourceVersionDate "2021.10.06"]
[SourceQuality "1"]

1. d4 Nf6 2. c4 e6 3. Nc3 d5 4. Bg5 Be7 5. e3 O-O 6. Nf3 c6 7. Bd3 Nbd7 8. O-O h6 9. Bh4 dxc4 10. Bxc4 Qa5 11. a3 Re8 12. Bd3 Qc7 13. Rc1 a6 14. e4 e5 15. d5 c5 16. Qe2 b5 17. b3 g5 18. Bg3 Nh5 19. h3 Nf4 20. Bxf4 gxf4 21. g4 Nb6 22. a4 b4 23. Nb1 a5 24. Nbd2 Kg7 25. Nc4 Nxc4 26. Bxc4 Rg8 27. Nh2 h5 28. f3 h4 29. Rfe1 Kf6 30. Kf2 Kg5 31. Nf1 Bd6 32. Nd2 Ra7 33. Bb5 Bb7 34. Nc4 Rc8 35. Rc2 Raa8 36. Rg1 Ra7 37. Ke1 f6 38. Kd1 Raa8 39. Kc1 Ra7 40. Kb1 Be7 41. Rgc1 Bd8 42. Qf2 Be7 43. Nb2 Qd6 44. Nd3 Bxd5 45. exd5 Qxd5 46. Bc4 Qd4 47. Qxd4 cxd4 48. Bd5 Rc3 49. Rxc3 bxc3 50. Bc6 Bd6 51. Kc2 Rc7 52. Be4 Rc8 53. Nf2 Rb8 54. Bd3 Be7 55. Bf5 Rb7 56. Nd3 Bd6 57. Be6 Re7 58. Bd5 Re8 59. Bc6 Rc8 60. Bb5 Rc7 61. Nf2 Be7 62. Rb1 Rc8 63. Nd3 Rd8 64. b4 axb4 65. Nxb4 Bxb4 66. Rxb4 e4 67. fxe4 f3 68. Rb1 Kf4 69. Bd3 Kg3 70. Bf1 Ra8 71. Ra1 Rb8 72. Rb1 1/2-1/2

[Event "Quebec op"]
[Site "Montreal CAN"]
[Date "1998.07.26"]
[Round "3"]
[White "Gladu, Pierre"]
[Black "McDonough, Jonathan"]
[Result "1-0"]
[WhiteElo "2136"]
[BlackElo "1889"]
[PlyCount "62"]
[GameId "2160767911872477"]
[EventDate "1998.07.25"]
[EventType "swiss"]
[EventRounds "9"]
[EventCountry "CAN"]
[SourceTitle "EXT 2022"]
[Source "ChessBase"]
[SourceDate "2021.10.06"]
[SourceVersion "1"]
[SourceVersionDate "2021.10.06"]
[SourceQuality "1"]

1. e4 Nf6 2. e5 Nd5 3. d4 d6 4. Nf3 Bg4 5. c4 Nb6 6. Be2 e6 7. h3 Bh5 8. O-O Be7 9. Nc3 O-O 10. Be3 Nc6 11. exd6 cxd6 12. b3 f5 13. d5 Bf6 14. dxc6 Bxc3 15. cxb7 Rb8 16. Rc1 Bb4 17. c5 dxc5 18. Ba6 Nd5 19. Bxc5 Bxc5 20. Rxc5 Qb6 21. Rxd5 exd5 22. Qxd5+ Bf7 23. Qd3 Rfd8 24. Qe2 Rd6 25. Rc1 Rdd8 26. Rc8 Be6 27. Bc4 Qxb7 28. Qxe6+ Kh8 29. Rxb8 Qxb8 30. Ne5 Rd1+ 31. Kh2 g6 1-0

[Event "Quebec op"]
[Site "Montreal CAN"]
[Date "1998.07.26"]
[Round "3"]
[White "Goldner, John"]
[Black "Gamback, Bjorn"]
[Result "0-1"]
[WhiteElo "1689"]
[BlackElo "2215"]
[PlyCount "56"]
[GameId "2160767911872479"]
[EventDate "1998.07.25"]
[EventType "swiss"]
[EventRounds "9"]
[EventCountry "CAN"]
[SourceTitle "EXT 2022"]
[Source "ChessBase"]
[SourceDate "2021.10.06"]
[SourceVersion "1"]
[SourceVersionDate "2021.10.06"]
[SourceQuality "1"]

1. e4 c5 2. Nf3 d6 3. d4 cxd4 4. Nxd4 Nf6 5. Nc3 g6 6. Be3 Bg7 7. f3 Nc6 8. Qd2 O-O 9. Bc4 Bd7 10. h4 Rc8 11. Bb3 h5 12. O-O-O Ne5 13. Bg5 Rc5 14. Rhe1 b5 15. Kb1 a5 16. a4 bxa4 17. Nxa4 Bxa4 18. Bxa4 Qb6 19. b3 Rb8 20. Be3 Nc4 21. Qc1 Nxe3 22. Qxe3 Qb4 23. Nc6 Qxa4 24. Nxb8 Qb5 25. e5 Rxe5 26. Qa7 Nd5 27. Rxe5 Bxe5 28. Rd3 Qb4 0-1

[Event "Quebec op"]
[Site "Montreal CAN"]
[Date "1998.07.26"]
[Round "3"]
[White "Henson, Joshua"]
[Black "Oratovsky, Michael"]
[Result "0-1"]
[WhiteElo "2140"]
[BlackElo "2465"]
[PlyCount "132"]
[GameId "2160767911872481"]
[EventDate "1998.07.25"]
[EventType "swiss"]
[EventRounds "9"]
[EventCountry "CAN"]
[SourceTitle "EXT 2022"]
[Source "ChessBase"]
[SourceDate "2021.10.06"]
[SourceVersion "1"]
[SourceVersionDate "2021.10.06"]
[SourceQuality "1"]

1. e4 c5 2. Nf3 e6 3. d4 cxd4 4. Nxd4 a6 5. Bd3 g6 6. O-O Bg7 7. Be3 Nf6 8. c4 d6 9. Nc3 O-O 10. Qe2 b6 11. Rac1 Bb7 12. Rfd1 Nbd7 13. f3 Qc7 14. b3 Rac8 15. Bb1 Qb8 16. Qf2 Rfe8 17. Nde2 Ba8 18. Rd2 Bf8 19. Rcd1 b5 20. cxb5 axb5 21. Bf4 Ne5 22. Qh4 Qb6+ 23. Kh1 Nh5 24. Bxe5 dxe5 25. Bd3 b4 26. Na4 Qa5 27. Bb1 Bc6 28. Nb2 Bb5 29. Bd3 Bh6 30. Bxb5 Qxb5 31. Nc4 Bxd2 32. Rxd2 Qb8 33. g4 Nf4 34. Qf6 Nxe2 35. Rxe2 Qc7 36. Nxe5 Qe7 37. Qf4 f6 38. Nc4 e5 39. Qg3 Red8 40. Kg2 Rd4 41. Nb6 Rc1 42. Nd5 Qd6 43. Qh4 Kg7 44. Qf2 Qc6 45. Ne3 Qc3 46. Nd5 Qd3 47. Ne3 Rd7 48. Nd5 Qd1 49. Kh3 Qh1 50. Qg2 Qxg2+ 51. Kxg2 Rb7 52. Rd2 Kf7 53. Kf2 Ke6 54. Ke2 f5 55. Rd1 Rxd1 56. Kxd1 fxe4 57. fxe4 Rd7 58. Ke2 Rxd5 59. exd5+ Kxd5 60. Ke3 g5 61. h3 e4 62. Ke2 Kd4 63. Kd2 e3+ 64. Ke2 Ke4 65. Ke1 Kd3 66. Kd1 e2+ 0-1

[Event "Quebec op"]
[Site "Montreal CAN"]
[Date "1998.07.26"]
[Round "3"]
[White "Hua, Lefong"]
[Black "Champetier, Serge"]
[Result "1-0"]
[WhiteElo "2195"]
[BlackElo "1979"]
[PlyCount "47"]
[GameId "2160767911872482"]
[EventDate "1998.07.25"]
[EventType "swiss"]
[EventRounds "9"]
[EventCountry "CAN"]
[SourceTitle "EXT 2022"]
[Source "ChessBase"]
[SourceDate "2021.10.06"]
[SourceVersion "1"]
[SourceVersionDate "2021.10.06"]
[SourceQuality "1"]

1. c4 e5 2. g3 Nf6 3. Bg2 Nc6 4. d3 h6 5. Nf3 Bb4+ 6. Bd2 Qe7 7. O-O O-O 8. Nc3 Bxc3 9. Bxc3 d6 10. a3 Be6 11. b4 Rad8 12. Qa4 Nd7 13. Nd2 d5 14. b5 Nc5 15. Qd1 Nb8 16. Qc2 f6 17. Bb4 b6 18. Rfc1 d4 19. Nb3 f5 20. a4 Rf7 21. a5 Kh7 22. axb6 cxb6 23. Qb2 Qc7 24. Nxc5 1-0

[Event "Quebec op"]
[Site "Montreal CAN"]
[Date "1998.07.26"]
[Round "3"]
[White "Khassanov, Marat"]
[Black "Pnevmonidis, Pantelis"]
[Result "1-0"]
[WhiteElo "2357"]
[BlackElo "2067"]
[PlyCount "75"]
[GameId "2160767911872483"]
[EventDate "1998.07.25"]
[EventType "swiss"]
[EventRounds "9"]
[EventCountry "CAN"]

1. c4 c5 2. Nc3 g6 3. g3 Bg7 4. Bg2 Nc6 5. d3 e6 6. e4 Nge7 7. Nge2 d6 8. Bg5 h6 9. Be3 Nd4 10. O-O O-O 11. Rb1 Nec6 12. a3 a5 13. Nb5 Nxb5 14. cxb5 Nd4 15. Nc3 Bd7 16. a4 e5 17. Nd5 Be6 18. Bxd4 exd4 19. Nf4 Qe7 20. Bh3 Bxh3 21. Nxh3 Be5 22. f4 Bg7 23. Kg2 b6 24. Ng1 Rae8 25. Nf3 Qe6 26. Qc2 d5 27. Rbe1 dxe4 28. Rxe4 Qa2 29. Rfe1 Rxe4 30. Rxe4 Rc8 31. Nd2 f5 32. Re1 Qd5+ 33. Kf2 c4 34. Nxc4 g5 35. Qe2 gxf4 36. Qe6+ Qxe6 37. Rxe6 fxg3+ 38. hxg3 1-0

[Event "Quebec op"]
[Site "Montreal CAN"]
[Date "1998.07.26"]
[Round "3"]
[White "Leimanis, Andris"]
[Black "Gottlieb, Jonathan"]
[Result "1-0"]
[WhiteElo "1669"]
[BlackElo "1870"]
[PlyCount "95"]
[GameId "2160767911872484"]
[EventDate "1998.07.25"]
[EventType "swiss"]
[EventRounds "9"]
[EventCountry "CAN"]
[SourceTitle "EXT 2022"]
[Source "ChessBase"]
[SourceDate "2021.10.06"]
[SourceVersion "1"]
[SourceVersionDate "2021.10.06"]
[SourceQuality "1"]

1. e4 c5 2. Nc3 Nc6 3. g3 g6 4. Bg2 Bg7 5. d3 d6 6. f4 e6 7. Nge2 Nge7 8. O-O O-O 9. Bd2 Rb8 10. Rb1 b5 11. a3 a5 12. a4 b4 13. Nb5 Ba6 14. c4 Bxb5 15. axb5 Nd4 16. Be3 d5 17. Nxd4 cxd4 18. Bf2 Rc8 19. b3 Qd7 20. Ra1 Ra8 21. Ra4 dxc4 22. bxc4 e5 23. h3 Nc8 24. Qa1 Qc7 25. Be1 Ra7 26. Bd2 Qb6 27. Kh2 Re8 28. Rc1 Ree7 29. Rc2 Ra8 30. Bxb4 Rea7 31. Bd2 Qc5 32. Rca2 exf4 33. Bxf4 Be5 34. Bxe5 Qxe5 35. Rxa5 Rxa5 36. Rxa5 Rxa5 37. Qxa5 Ne7 38. Qd8+ Kg7 39. b6 h5 40. b7 Nc6 41. Qd5 Qc7 42. e5 Nxe5 43. Qxd4 Kh7 44. c5 h4 45. Qd6 hxg3+ 46. Kxg3 Qa5 47. Qxe5 f6 48. Qe7+ 1-0

[Event "Quebec op"]
[Site "Montreal CAN"]
[Date "1998.07.26"]
[Round "3"]
[White "Luksza, Arkadiusz"]
[Black "Drolet, Stephane"]
[Result "1/2-1/2"]
[WhiteElo "2087"]
[BlackElo "1847"]
[PlyCount "73"]
[GameId "2160767911872485"]
[EventDate "1998.07.25"]
[EventType "swiss"]
[EventRounds "9"]
[EventCountry "CAN"]
[SourceTitle "EXT 2022"]
[Source "ChessBase"]
[SourceDate "2021.10.06"]
[SourceVersion "1"]
[SourceVersionDate "2021.10.06"]
[SourceQuality "1"]

1. d4 Nf6 2. g3 d5 3. Bg2 c6 4. Nf3 Bf5 5. O-O e6 6. c4 h6 7. Nc3 Nbd7 8. cxd5 exd5 9. Bf4 Be7 10. Ne5 O-O 11. Rc1 Re8 12. Re1 Bf8 13. e4 Nxe4 14. Nxe4 Bxe4 15. Bxe4 dxe4 16. Qb3 Nxe5 17. dxe5 Qb6 18. Rxe4 Qxb3 19. axb3 Rad8 20. h4 Rd5 21. Kf1 Red8 22. Ke2 Bc5 23. Rc2 Bb6 24. Be3 Bxe3 25. Rxe3 Kf8 26. f4 h5 27. Kf3 Rd2 28. Rxd2 Rxd2 29. f5 Rxb2 30. Kf4 Rf2+ 31. Kg5 a5 32. Rd3 Re2 33. Rd8+ Ke7 34. Rb8 Rxe5 35. Rxb7+ Ke8 36. Rb8+ Ke7 37. Rb7+ 1/2-1/2

[Event "Quebec op"]
[Site "Montreal CAN"]
[Date "1998.07.26"]
[Round "3"]
[White "Poitras, Luc"]
[Black "Dumesnil, Etienne"]
[Result "1/2-1/2"]
[WhiteElo "2085"]
[BlackElo "1874"]
[PlyCount "63"]
[GameId "2160767911872486"]
[EventDate "1998.07.25"]
[EventType "swiss"]
[EventRounds "9"]
[EventCountry "CAN"]
[SourceTitle "EXT 2022"]
[Source "ChessBase"]
[SourceDate "2021.10.06"]
[SourceVersion "1"]
[SourceVersionDate "2021.10.06"]
[SourceQuality "1"]

1. e4 e5 2. Nf3 Nc6 3. Bb5 a6 4. Ba4 Nf6 5. O-O Be7 6. Re1 b5 7. Bb3 O-O 8. c3 d6 9. h3 Na5 10. Bc2 c5 11. d4 Qc7 12. Nbd2 Bd7 13. Nf1 Rfe8 14. Ng3 Rac8 15. Bd3 h6 16. a4 bxa4 17. dxe5 dxe5 18. Bc2 Red8 19. Nd2 c4 20. Bxa4 Bc5 21. Bc2 Qb6 22. Qe2 Bb5 23. Ndf1 Nb3 24. Bxb3 cxb3 25. Qf3 Rd3 26. Ne3 Qb7 27. Rd1 Rxd1+ 28. Nxd1 Bc6 29. Bxh6 Bxe4 30. Nxe4 Qxe4 31. Qxe4 Nxe4 32. Be3 1/2-1/2

[Event "Quebec op"]
[Site "Montreal CAN"]
[Date "1998.07.26"]
[Round "3"]
[White "Regnier, Alain"]
[Black "Reeve, Jeff"]
[Result "1-0"]
[WhiteElo "1977"]
[BlackElo "2189"]
[PlyCount "99"]
[GameId "2160767911872488"]
[EventDate "1998.07.25"]
[EventType "swiss"]
[EventRounds "9"]
[EventCountry "CAN"]
[SourceTitle "EXT 2022"]
[Source "ChessBase"]
[SourceDate "2021.10.06"]
[SourceVersion "1"]
[SourceVersionDate "2021.10.06"]
[SourceQuality "1"]

1. e4 c5 2. g3 Nc6 3. Bg2 g6 4. Ne2 Bg7 5. O-O d6 6. d3 e5 7. Nd2 Nge7 8. f4 f5 9. Nc4 O-O 10. Nc3 Be6 11. Nd5 Kh8 12. a4 Qd7 13. Be3 Rad8 14. c3 b6 15. Qd2 exf4 16. Bxf4 Bxd5 17. exd5 Ne5 18. Rfe1 Nf7 19. Re6 Nc8 20. b3 Rde8 21. Rae1 b5 22. axb5 Qxb5 23. Qe2 Rd8 24. Qc2 g5 25. Bc1 Rde8 26. Bf3 g4 27. Bd1 Nd8 28. R6e2 Rxe2 29. Rxe2 Qb7 30. Ne3 Ne7 31. c4 Ng6 32. Bb2 Ne5 33. Rf2 Qd7 34. Qb1 Kg8 35. d4 cxd4 36. Nxf5 h5 37. Nxg7 Qxg7 38. Rxf8+ Kxf8 39. Qe4 d3 40. Bxe5 dxe5 41. Qxd3 Nf7 42. Qf5 e4 43. Qxe4 Qa1 44. Qd3 Ng5 45. Kg2 Nh3 46. Qf5+ Ke7 47. Qe6+ Kf8 48. Bxg4 hxg4 49. Qxg4 Ng1 50. Qf4+ 1-0

[Event "Quebec op"]
[Site "Montreal CAN"]
[Date "1998.07.26"]
[Round "3"]
[White "Sarwer, Jeff"]
[Black "Lebeau, Gilbert"]
[Result "0-1"]
[WhiteElo "2264"]
[BlackElo "1854"]
[PlyCount "80"]
[GameId "2160767911872489"]
[EventDate "1998.07.25"]
[EventType "swiss"]
[EventRounds "9"]
[EventCountry "CAN"]
[SourceTitle "EXT 2022"]
[Source "ChessBase"]
[SourceDate "2021.10.06"]
[SourceVersion "1"]
[SourceVersionDate "2021.10.06"]
[SourceQuality "1"]

1. d4 Nf6 2. c4 e6 3. Nc3 d5 4. Nf3 c6 5. e3 Bd6 6. Qc2 O-O 7. Bd2 Nbd7 8. O-O-O b6 9. e4 dxe4 10. Nxe4 Nxe4 11. Qxe4 Bb7 12. Bd3 Nf6 13. Qh4 Be7 14. Rhe1 g6 15. Ng5 Rc8 16. Bc3 Nh5 17. f4 h6 18. Qg4 hxg5 19. g3 f5 20. Qe2 Ng7 21. Kb1 Re8 22. c5 Bf6 23. b4 a5 24. a3 axb4 25. axb4 Ra8 26. fxg5 Bxg5 27. cxb6 Bf6 28. g4 Qxb6 29. Bc4 Ba6 30. g5 Bxc4 31. Qxc4 Bd8 32. Qb3 Bc7 33. Qb2 Ra4 34. Kc2 Qa7 35. Kb3 Ra8 36. d5 Ra3+ 37. Kc4 cxd5+ 38. Kd3 d4 39. Rc1 Rd8 40. Ke2 dxc3 0-1